Statistiques concernant Pays représentés dans le Système Solaire

Cliquez ici pour prendre le quiz!

Statistiques générales

  • Ce quiz a été pris 127 fois
  • Le résultat moyen est 4 sur 10

Réponses sur la Carte

Les réponses sont colorées sur une échelle allant du rouge au vert en fonction du pourcentage des utilisateurs qui les ont devinées à leur premier essai. Vous pouvez retrouver ces pourcentages ci-dessous.
 

Statistiques - réponses

Pays% Correct
Japon
88%
Saint-Vincent-et-les-Grenadines
62%
Palaos
58%
Bangladesh
48%
Tuvalu
45%
Nauru
43%
Corée du Sud
26%
Salomon
25%
Pakistan
18%
Népal
5%

Distribution des résultats

Percentile par nombre de réponses

% des personnes avec chaque résultat

Votre développement - résultats

Vous n’avez pas pris ce quiz